banner koha

Selection of active plant extracts against the coffee leaf miner Leucoptera coffeella (Lepidoptera: Lyonetiidae) (Registro n. 299131)

MARC details
000 -LÍDER
fixed length control field 03307nab a2200301 i 4500
003 - CÓDIGO MARC DA AGÊNCIA CATALOGADORA
Campo de controle BR-BrBNA
005 - DATA E HORA DA ÚLTIMA ATUALIZAÇÃO
Campo de controle 20240411103130.0
008 - CAMPO DE TAMANHO FIXO
fixed length control field 240411b2013 bl.qr|pooa||| 00| 0 eng |
040 ## - FONTE DA CATALOGAÇÃO
Agência catalogadora BR-BrBNA
Idioma da catalogação eng
072 ## - CATEGORIA AGRIS
Código AGRIS H10
100 ## - ENTRADA PRINCIPAL - NOME PESSOAL
Nome pessoal Alves, D.S.
100 ## - ENTRADA PRINCIPAL - NOME PESSOAL
Nome pessoal Oliveira, D.F.
100 ## - ENTRADA PRINCIPAL - NOME PESSOAL
Nome pessoal Carvalho, G.A.
100 ## - ENTRADA PRINCIPAL - NOME PESSOAL
Nome pessoal Carvalho, D.A.
100 ## - ENTRADA PRINCIPAL - NOME PESSOAL
Nome pessoal Souza, L.P.
100 ## - ENTRADA PRINCIPAL - NOME PESSOAL
Nome pessoal Lasmar, O.
245 ## - TÍTULO PRINCIPAL
Título principal Selection of active plant extracts against the coffee leaf miner Leucoptera coffeella (Lepidoptera: Lyonetiidae)
500 ## - NOTA GERAL
Nota geral Publicação on-line; Bibliography p. 360-362 (77 ref.); 3 tables; Summaries (En, Pt)
942 ## - ADDED ENTRY ELEMENTS (KOHA)
Koha item type
520 ## - NOTA DE RESUMO
Nota de conteúdo <br/><br/>ABSTRACT: <br/><br/>Aiming to contribute to the development of alternative control methods of the coffee<br/>leaf miner, Leucoptera coffeella (Guérin-Mèneville & Perrottet, 1842) (Lepidoptera: Lyonetiidae),<br/>a search for plants able to produce active substances against this insect was carried out, with<br/>species collected during different periods of time in the Alto Rio Grande region, (Lavras, Minas<br/>Gerais, Brazil). Coffee leaves containing L. coffeella mines were joined with 106 extracts from<br/>77 plant species and, after 48 hours, the dead and alive caterpillars were counted. The extracts<br/>from Achillea millefolium, Citrus limon, Glechoma hederacea, Malva sylvestris, Mangifera indica,<br/>Mentha spicata, Mirabilis jalapa, Musa sapientum, Ocimum basiculum, Petiveria alliaceae,<br/>Porophyllum ruderale, Psidium guajava, Rosmarinus officinalis, Roupala montana, Sambucus<br/>nigra and Tropaeolum majus showed the highest mortality rates.<br/><br/>Keywords: Leucoptera coffeella, natural products, botanical insecticide, alternative control
520 ## - NOTA DE RESUMO
Nota de conteúdo <br/><br/>RESUMO: <br/><br/>Seleção de extratos de plantas ativos contra o bicho-mineiro-do-cafeeiro<br/>Leucoptera coffeella (Lepidoptera: Lyonetiidae). Visando contribuir para o desenvolvimento<br/>de métodos alternativos de controle do bicho-mineiro-do-cafeeiro, Leucoptera coffeella<br/>(Lepidoptera: Lyonetiidae), buscou-se selecionar plantas coletadas em diferentes épocas na<br/>região do Alto Rio Grande, (Lavras, Minas Gerais, Brasil) que contenham substâncias ativas<br/>contra este inseto. Folhas de cafeeiro com minas intactas de L. coffeella foram colocadas em<br/>contato com 106 extratos provenientes de 78 espécies vegetais e, após 48 horas, contaramse <br/>as lagartas vivas e mortas. Os extratos de Achillea millefolium, Citrus limon, Glechoma<br/>hederacea, Malva sylvestris, Mangifera indica, Mentha spicata, Mirabilis jalapa, Musa sapientum,<br/>Ocimum basiculum, Petiveria alliaceae, Porophyllum ruderale, Psidium guajava, Rosmarinus<br/>officinalis, Roupala montana, Sambucus nigra e Tropaeolum majus, provocaram os maiores<br/>índices de mortalidade.<br/><br/>Palavras-chave: Leucoptera coffeella, produtos naturais, inseticida botânico, controle alternativo
650 ## - ASSUNTO - THESAGRO
Cabeçalho tópico ou nome geográfico LEUCOPTERA COFFEELLA
650 ## - ASSUNTO - THESAGRO
Cabeçalho tópico ou nome geográfico INSETICIDA
650 ## - ASSUNTO - THESAGRO
Cabeçalho tópico ou nome geográfico CONTROLE
773 0# - ENTRADA ANALÍTICA
Host Biblionumber 3543
Registro do item 314345
Imprenta Botucatu-SP Instituto de Biociências - Departamento de Química e Bioquímica 1998
Outro identificador 2024-0601
Título Revista Brasileira de Plantas Medicinais (Brazil)
ISSN 1516-0572
Colação v. 15(3) p. 352-362; (2013)
Número de controle de registro BR2024000462
856 ## - ACESSO E ENDEREÇO ELETRÔNICO
Identificador uniforme de recurso - URI https://www.scielo.br/j/rbpm/a/3NWpz8H5pXbZgYHHVZQwmvw/?format=pdf&lang=en

Nenhum exemplar disponível.

BINAGRI

Telefone: (61)3218-2567/2388/3357/2097 - binagri@agro.gov.br

Ministério da Agricultura e Pecuária , Esplanada dos Ministérios, Bloco D, Anexo B, Brasília/DF, CEP: 70.043-900